LEADER 02063namaa2200433 i 4500 001 000000178674 003 CaOOAMICUS 005 20260420102135.0 008 260420s2026 it u000 u ita r 020 $z978-88-288-6951-1* 032 $aLibriCat 040 $aPUL$bita 082 $a346.45 110 1 $aItalia$eautore.$0(OLS)http://pul/name/1188 240 10$aCodice civile (2026).$0(OLS)http://pul/title/220248 245 10$aCodice civile /$ca cura di Pietro Rescigno ; con il coordinamento di G.P. Cirillo, V. Cuffaro. 250 $a12. edizione 260 $aMilano :$bLefebvre Giuffrè,$c©2026. 300 $a2 volumi ;$c25 cm. 336 $atesto$btxt$2rdacontent 337 $asenza mediazione$bn$2rdamedia 338 $avolume$bnc$2rdacarrier 490 1 $aLe fonti del diritto italiano 500 $aT. 1.: chiuso in redazione il 13 ottobre 2025. T. 2.: chiuso in redazione il 13 ottobre 2025. 505 0 $aT. 1. Artt. 1-1702. -- t. 2. Artt. 1703-2969. 650 4$aDiritto civile$zItalia.$0(OLS)http://pul/subject/3770 700 1 $aCuffaro, Vincenzo,$d1951-,$ecoordinatore.$0(OLS)http://pul/name/48395 700 1 $aCirillo, Gianpiero Paolo,$d1954-,$ecoordinatore.$0(OLS)http://pul/name/110097 700 1 $aRescigno, Pietro,$d1928-,$ecuratore.$0(OLS)http://pul/name/28960 830 3$aLe fonti del diritto italiano.$0(OLS)http://pul/title/104091 850 $aPUL 852 $aPUL$W1$xSL Diritto e Scienze Sociali 3$y79$m348. 45 COD 5.69.1$j202448$qDDC 21$q$av.1$B207848$CPULBib$Z2$F207848 $H138518 $82 852 $aPUL$W1$xSL Diritto e Scienze Sociali 3$y79$m348. 45 COD 5.69.2$j202449$qDDC 21$q$av.2$B207849$CPULBib$Z2$F207849 $H138519 $82 941 1 $a9 996 $6020$z978-88-288-6951-1*$9(OLS)http://pul/number/170936 996 $6082$a346.45$9(OLS)http://pul/classification/372 996 $6245$aCodice civile$9(OLS)http://pul/title/173290 996 $6260$aMilano :$bLefebvre Giuffrè$9(OLS)http://pul/publisher/87700